000 00527nam a2200217Ia 4500
003 OSt
005 20230502154458.0
008 210423s2020 xx 000 0 und d
020 _a978-1-071-60454-0
040 _cAL
041 _aeng
082 _a540.9
_223
_bHUDH
100 _aHUDSON (John)
_996370
245 _aHistory of chemistry
260 _aNew York
_bChapman & Hall
_c2020
300 _ax,285
_bHB
365 _b1995
_cINR
650 _aChemistry
_996371
906 _achemistry ; History
942 _2ddc
_cBK
999 _c170713
_d170713